Δοκίμια
Αποθηκεύτηκε σε:
| Κύριος συγγραφέας: | |
|---|---|
| Άλλοι συγγραφείς: | |
| Μορφή: | Βιβλίο |
| Γλώσσα: | Greek French |
| Δημοσίευση: |
Αθήνα :
Βιβλιοπωλείο της "Εστίας",
2003-2005.
|
| Θέματα: | |
| Ετικέτες: |
Προσθήκη ετικέτας
Δεν υπάρχουν, Καταχωρήστε ετικέτα πρώτοι!
|
MARC
| LEADER | 00000cam a2200000 i 4500 | ||
|---|---|---|---|
| 001 | 1/68704 | ||
| 008 | 150312m20032005gr | ||| |||| ||gre|| | ||
| 020 | |a 960051092X | ||
| 020 | |a 9600510938 | ||
| 020 | |a 9600511780 | ||
| 020 | |a 9600512108 | ||
| 035 | |l 10121406 | ||
| 040 | |a GR-MyUA |b gre |e AACR2 | ||
| 041 | 1 | |a gre |h fre | |
| 082 | 0 | |a 844 |2 (23) | |
| 100 | 1 | |a Montaigne, Michel de, |d 1533-1592. | |
| 245 | 1 | 0 | |a Δοκίμια / |c Μισέλ Ντε Μονατίνι ; μετάφραση - εισαγωγή - σημειώσεις Φίλιππος Δ. Δρακονταειδής. |
| 260 | |a Αθήνα : |b Βιβλιοπωλείο της "Εστίας", |c 2003-2005. | ||
| 300 | |a 3 τ. ; |c 21 εκ. | ||
| 500 | |a Το δεύτερο βιβλίο 4η έκδοση αναθεωρημένη. | ||
| 650 | 0 | 0 | |a French essays. |
| 700 | 1 | |a Δρακονταειδής, Φίλιππος Δ., |d 1940- |e trl | |
| 852 | |a INST |b SAMOS |e 20150312 |h 844 MON |p 005300041981 |q 005300041981 |t BK |y 0 | ||
| 852 | |a INST |b SAMOS |e 20150312 |h 844 MON |p 005300041982 |q 005300041982 |t BK |y 0 | ||
| 852 | |a INST |b SAMOS |e 20150312 |h 844 MON |p 005300041983 |q 005300041983 |t BK |y 0 | ||
| 901 | |a BIBL3-2015-1 | ||
| 909 | |a Σ |b 189563 | ||
| 909 | |a Σ |b 189561 | ||
| 909 | |a Σ |b 189547 | ||
| 922 | |a 3ΕΛΗ |b 201405 |c ΤΣΑΧΜ |d BEST BOOK HUNTERS | ||
| 970 | |a ΚΟΣΙΕΡΗΣ |b ΧΡΗΣΤΟΣ |z 2015/03/12 | ||